|
|
|
|
| LEADER |
01077nam a2200217 i 4500 |
| 001 |
10094932 |
| 003 |
GR-PaULI |
| 005 |
20220113135009.0 |
| 008 |
111007s2005 gr g 1 f gre d |
| 952 |
|
|
|0 0
|1 0
|2 ddc
|4 0
|6 889_340000000000000_ΚΟΥ
|7 0
|9 354292
|a LISP
|b LISP
|c DON
|d 2022-01-13
|e ΠΑΤ
|i 148039
|l 0
|o 889.34 ΚΟΥ
|p 025000274117
|r 2022-01-13 00:00:00
|t 1
|w 2022-01-13
|y BKN
|
| 999 |
|
|
|c 207726
|d 207726
|
| 020 |
|
|
|a 9605182483
|
| 040 |
|
|
|a GR-PaULI
|b gre
|c GR-PaULI
|e AARC2
|
| 082 |
0 |
4 |
|a 889.34
|2 23
|
| 100 |
1 |
|
|9 37788
|a Κουσαθανάς, Παναγιώτης
|d 1945-
|e συγγραφέας.
|
| 245 |
1 |
3 |
|a Το κουρτινάκι της καρδιάς :
|b παραμύθι για όλες τις εποχές, όλους τους τόπους κι όλες (σχεδόν) τις ηλικίες /
|c Παναγιώτη Κουσαθανά ; με ζωγραφιές της Φωτεινής Στεφανίδη
|
| 260 |
|
|
|a Αθήναι :
|b Ίνδικτος ,
|c 2005.
|
| 300 |
|
|
|a 139 σ. :
|b εικ. ;
|c 21 εκ.
|e
|
| 504 |
|
|
|a
|
| 942 |
|
|
|2 ddc
|c BKN
|
| 998 |
|
|
|c ΜΠΟΥΡΑΣ
|d 2022-01
|